000 00779nam a2200193Ia 4500
003 GCL
008 140319s9999 xx 000 0 ara d
040 _aGCL /
_cGCL
082 0 4 _a070.4
_bم ت
100 1 _aمحمود علم الدين
245 1 0 _aالتوثيق الاعلامى :
_bالاصول التاريخية والجوانب العملية للتوثيق وتطبيقاته فى مجال الاعلام والاتصال الجماهيرى /
_cمحمود علم الدين
260 _aالقاهرة :
_bالعربى للنشر والتوزيع ،
_c1990
300 _a175 ص ؛
_c24 سم
490 _aدراسات الاعلام
_v0
650 0 4 _aالاعلام
650 0 4 _aالتوثيق
650 0 4 _aالاتصال الجماهيرى
942 _2ddc
_cBK
999 _c27999
_d27999